| Tag |
First Indicator |
Second Indicator |
Subfields |
| LEADER |
00000cam a2200000 a 4500 |
| 001 |
in00001454792 |
| 005 |
20151021050630.0 |
| 008 |
980706s1998 gw a b 101 0 eng |
| 010 |
|
|
|a 98029353
|
| 020 |
|
|
|a 3540647910 (softcover : alk. paper)
|
| 035 |
|
|
|a (OCoLC)39464700
|
| 035 |
|
|
|9 AJD4717AM
|
| 040 |
|
|
|a DLC
|c DLC
|d TXA
|d UtOrBLW
|
| 049 |
|
|
|a TXAM
|
| 050 |
0 |
0 |
|a Q387.2
|b .I58 1998
|
| 082 |
0 |
0 |
|a 006.3/3
|2 21
|
| 111 |
2 |
|
|a International Conference on Conceptual Structures
|n (6th :
|d 1998 :
|c Montpellier, France)
|
| 245 |
1 |
0 |
|a Conceptual structures :
|b theory, tools and applications : 6th International Conference on Conceptual Structures, ICCS'98, Montpellier, France, August 10-12, 1998 : proceedings /
|c Marie-Laure Mugnier, Michel Chein (eds.).
|
| 264 |
|
1 |
|a Berlin ;
|a New York :
|b Springer Verlag,
|c [1998]
|
| 264 |
|
4 |
|c ©1998
|
| 300 |
|
|
|a xiii, 438 pages :
|b illustrations ;
|c 24 cm.
|
| 336 |
|
|
|a text
|b txt
|2 rdacontent
|
| 337 |
|
|
|a unmediated
|b n
|2 rdamedia
|
| 338 |
|
|
|a volume
|b nc
|2 rdacarrier
|
| 490 |
1 |
|
|a Lecture notes in computer science ;
|v 1453.
|a Lecture notes in artificial intelligence
|
| 504 |
|
|
|a Includes bibliographical references and index.
|
| 650 |
|
0 |
|a Conceptual structures (Information theory)
|v Congresses.
|
| 650 |
|
0 |
|a Graph theory
|v Congresses.
|
| 650 |
|
0 |
|a Logic diagrams
|x Congresses.
|
| 650 |
|
0 |
|a Knowledge representation (Information theory)
|v Congresses.
|
| 650 |
|
0 |
|a Natural language processing (Computer science)
|v Congresses.
|
| 700 |
1 |
|
|a Mugnier, Marie-Laure.
|
| 700 |
1 |
|
|a Chein, Michel.
|
| 830 |
|
0 |
|a Lecture notes in computer science ;
|v 1453.
|
| 830 |
|
0 |
|a Lecture notes in computer science.
|p Lecture notes in artificial intelligence.
|
| 948 |
|
|
|a c:dm
|
| 999 |
|
|
|a MARS
|
| 999 |
f |
f |
|s ba146b43-2043-3edb-9d9c-adb369216192
|i ea4b545c-6c9f-3c50-864b-662f8a09c6db
|t 0
|
| 952 |
f |
f |
|p ric
|a Texas A&M University
|b Rellis Campus
|c Joint Library Facility
|d Remote Storage
|t 0
|e Q387.2 .I58 1998
|h Library of Congress classification
|i unmediated -- volume
|m A14823880832
|
| 998 |
f |
f |
|a Q387.2 .I58 1998
|t 0
|l Remote Storage
|